| 000 | 00697nam a22001577a 4500 | ||
|---|---|---|---|
| 003 | OSt | ||
| 005 | 20151004093349.0 | ||
| 008 | 151004b xxu||||| |||| 00| 0 eng d | ||
| 040 | _cRUA | ||
| 082 | _aAVM VEN 2002 B073 Or.1 | ||
| 100 |
_91966 _aVENN, VUTHY. |
||
| 245 | _aEffect of dry sweet potato in mixed nutrition on growth of hubbard broiler chicken (ឥទ្ធិពលនៃការប្រើប្រាស់មើមដំឡូងជ្វាស្ងួតក្នុងចំណីផ្សំលើការលូតលាស់របស់មាន់សាច់ពូជHUBBARD) | ||
| 260 |
_aPhnom Penh _bRUA _c2002 |
||
| 300 |
_avii,44p. _bill. _c29cm. |
||
| 942 |
_2ddc _cAVM |
||
| 999 |
_c1859 _d1859 |
||